| 000 | 00371nam a2200133 i 4500 | ||
|---|---|---|---|
| 001 | bg | ||
| 100 | 1 | _aPAJAK, Maksymilian | |
| 245 | 0 |
_aHydrodynamika i wymiana masy w układach ekstrakcyjnych - krople dwufazowe - ciecz / _cMaksymilian Pajak. |
|
| 260 |
_aWrocław, _c1977. |
||
| 040 | _cBPK | ||
| 041 | _apol | ||
| 942 | _cKS | ||
| 008 | s pl f |000 0 pol | ||
| 999 |
_c27571 _d27571 |
||
| 856 |
_uhttp://koha.tu.koszalin.pl/cgi-bin/koha/opac-detail.pl?biblionumber=27571 _yKatalog online BPK |
||